00929cam a2200277 a 45000010008000000030004000080050017000120080041000290100017000700200015000870400018001020500024001200820017001441000023001612450076001842500012002602600051002723000050003235000020003736500026003936500017004196500024004366500013004608560093004738560085005664994961OSt20250206150458.0990402s2000 nyua 001 0 eng  a 99023302  a0028043057 aDLCcDLCdDLC00aLB1062.6b.F47 200000a370.15/22211 aFerrett, Sharon K.10aPeak performance :bsuccess in college and beyond /cSharon K. Ferrett. a3rd ed. aNew York, N.Y. :bGlencoe/McGraw-Hill,cc2000. a1 v. (various pagings) :bcol. ill. ;c28 cm. aIncludes index. 0aAcademic achievement. 0aPerformance. 0aCareer development. 0aSuccess.423Contributor biographical informationuhttp://www.loc.gov/catdir/bios/mh041/99023302.html423Publisher descriptionuhttp://www.loc.gov/catdir/description/mh031/99023302.html